Reproducción e inseminación artificial en animales (Registro nro. 35624)

Detalles MARC
000 -LEADER
fixed length control field 01016nam a22002537a 4500
005 - DATE AND TIME OF LATEST TRANSACTION
control field 20240412134141.0
008 - FIXED-LENGTH DATA ELEMENTS--GENERAL INFORMATION
fixed length control field 160504s2002 mx |||| |||| 001 0 spa d
020 ## - INTERNATIONAL STANDARD BOOK NUMBER
International Standard Book Number 9789701037195
020 ## - INTERNATIONAL STANDARD BOOK NUMBER
International Standard Book Number 9701037197
050 04 - LIBRARY OF CONGRESS CALL NUMBER
Classification number SF871
Item number R47 2002
240 1# - UNIFORM TITLE
Uniform title Reproduction in farm animals
Language of a work Español
245 00 - TITLE STATEMENT
Title Reproducción e inseminación artificial en animales
Statement of responsibility, etc / editado por E. S. E. Hafez, B. Hafez ; traducción Guillermina Féher de la Torre, Elia Olvera Martínez ; revisión técnica José Luis Espinoza Villavicencio.
250 ## - EDITION STATEMENT
Edition statement 7a ed.
260 ## - PUBLICATION, DISTRIBUTION, ETC. (IMPRINT)
Place of publication, distribution, etc México:
Name of publisher, distributor, etc McGraw Hill, Interamericana,
Date of publication, distribution, etc 2002
300 ## - PHYSICAL DESCRIPTION
Extent xiii, 519 p. :
Other physical details il. ;
Dimensions 28 cm.
504 ## - BIBLIOGRAPHY, ETC. NOTE
Bibliography, etc Incluye apéndice, bibliografías, glosario e índice
650 #7 - SUBJECT ADDED ENTRY--TOPICAL TERM
Source of heading or term lemb
Topical term or geographic name as entry element Reproducción
General subdivision Ganado
650 #7 - SUBJECT ADDED ENTRY--TOPICAL TERM
Source of heading or term lemb
Topical term or geographic name as entry element Fisiología veterinaria
700 1# - ADDED ENTRY--PERSONAL NAME
Personal name Hafez, E. S. E.,
Relator term editor
700 1# - ADDED ENTRY--PERSONAL NAME
Personal name Hafez, B.,
Relator term editor
700 1# - ADDED ENTRY--PERSONAL NAME
Personal name Féher de la Torre, Guillermina,
Relator term traductor
700 1# - ADDED ENTRY--PERSONAL NAME
Personal name Olvera Martinez, Elia,
Relator term traductor
942 ## - ADDED ENTRY ELEMENTS (KOHA)
Source of classification or shelving scheme Biblioteca del Cogreso de los Estados Unidos
Koha item type Libro
Existencias
Estado de pérdida Fuente de clasificación Estado del daño No para préstamo Ubicación permanente Ubicación actual Apartado o colección Fecha de adquisición Edición Dependencia de educación superior (DES) Área del conocimiento Clasificación Código de Barras Date last seen Número de copia Tipo de recurso Nota pública
  Biblioteca del Cogreso de los Estados Unidos     Biblioteca de la Facultad de Ciencias Médicas y Biológicas Biblioteca de la Facultad de Ciencias Médicas y Biológicas General 04/05/2016 7a ed. Ciencias de la Salud Ciencias de la Salud SF871 R47 2002 BFM000003804 25/01/2016 1 Libro General
  Biblioteca del Cogreso de los Estados Unidos     Biblioteca de la Facultad de Ciencias Médicas y Biológicas Biblioteca de la Facultad de Ciencias Médicas y Biológicas General 04/05/2016 7a ed. Ciencias de la Salud Ciencias de la Salud SF871 R47 2002 BFM000005638 04/05/2016 2 Libro General
  Biblioteca del Cogreso de los Estados Unidos     Biblioteca de la Facultad de Ciencias Médicas y Biológicas Biblioteca de la Facultad de Ciencias Médicas y Biológicas General 04/05/2016 7a ed. Ciencias de la Salud Ciencias de la Salud SF871 R47 2002 BFM000005639 04/05/2016 3 Libro General
  Biblioteca del Cogreso de los Estados Unidos     Biblioteca de la Facultad de Ciencias Médicas y Biológicas Biblioteca de la Facultad de Ciencias Médicas y Biológicas General 04/05/2016 7a ed. Ciencias de la Salud Ciencias de la Salud SF871 R47 2002 BFM000005640 04/05/2016 4 Libro General
  Biblioteca del Cogreso de los Estados Unidos     Biblioteca de la Facultad de Ciencias Médicas y Biológicas Biblioteca de la Facultad de Ciencias Médicas y Biológicas General 04/05/2016 7a ed. Ciencias de la Salud Ciencias de la Salud SF871 R47 2002 BFM000003808 04/05/2016 5 Libro General
  Biblioteca del Cogreso de los Estados Unidos     Biblioteca del Instituto de Investigaciones Agropecuarias y Forestales Biblioteca del Instituto de Investigaciones Agropecuarias y Forestales General 04/12/2018 7a   Ciencias Agropecuarias SF768 H33 2002 C:1 BIIA000000787 04/12/2018 C:1 Libro